| 000 | 01010cam a2200241 4500 | ||
|---|---|---|---|
| 001 | ABS61441 | ||
| 008 | 000000n1999 000 0 eng u | ||
| 035 | _a(Sirsi) u101066 | ||
| 100 | _aBaber, F. | ||
| 245 | _aWomen surveyors fight for recognition | ||
| 260 | _c1999 | ||
| 490 |
_aCSM _bChartered Surveyor Monthly _v9(1) September 1999, 33(1) |
||
| 520 | _aSummarises research which reveals that women are entering the surveying profession better qualified than their male colleagues, but are often left behind as their careers develop. Discusses the report "Surveying the glass ceiling" which examines key issues affecting how men and women progress in the profession. Report available from RICS Books, £4.95. | ||
| 590 | _aABS | ||
| 650 | _aWOMEN | ||
| 650 | _aEQUAL OPPORTUNITIES | ||
| 650 | _aSURVEYING PROFESSION | ||
| 650 | _aPROMOTION | ||
| 650 | _aCAREERS, EDUCATION AND TRAINING | ||
| 650 | _aPROGRESS | ||
| 690 | _aMANAGEMENT-BUSINESS MANAGEMENT-PROFESSIONAL PRACTICE | ||
| 942 | _n0 | ||
| 999 |
_c60300 _d60300 |
||